LEADER 01818nam a2200349 u 4500 001 000000008826 003 CaOOAMICUS 005 20070226105133.0 008 940516s1992 dcu u000 u eng u 020 $a0-8132-0744-4 035 $a10226576 040 $aPUL(R)$bita 100 1 $aFinnis, John,$d1940-$0(OLS)http://pul/name/8773 245 10$aMoral absolutes :$btradition, revision and truth /$cJohn Finnis. 260 $aWashington, D.C. :$bThe Catholic University of America Press,$cc1991. 300 $avi, 113 p. ;$c23 cm 490 1 $aThe Michael J. McGivney lectures of the John Paul II Institute for Studies on Marriage and Family ;$v1988 504 $aComprende indicazioni bibliografiche. 610 24$aChiesa cattolica$xDottrine.$0(OLS)http://pul/subject/5056 650 4$aEtica cristiana.$0(OLS)http://pul/subject/1395 650 4$aAutori cattolici.$0(OLS)http://pul/subject/7411 830 4$aThe Michael J. McGivney lectures of the John Paul II Institute for Studies on Marriage and Family ;$v1988.$0(OLS)http://pul/title/12924 850 $aPUL 852 $aPUL$W1$xDP1 Altre Collocazioni$y17$mSenza collocazione$j12$nBK-PRI$b $qStampati$B12454$CPULBib$Z2$F12454 $81 852 $aPUL$W1$xDP1 Fondo Seidl$y56$m4 C 100$j177248$b3.copia$qFondi$B198244$CPULBib$Z2$F198244 $81 852 $aPUL$W1$xDP2 Religione 3$y114$m241 FINJO 1$j176053$ac. 2$qDDC 21$B122144$CPULBib$Z2$F122144 $H86731 $82 941 1 $a9 941 1 $a8 961 $aPrecedentew collocazione: Teo 230 996 $6020$a0-8132-0744-4$9(OLS)http://pul/number/11374 996 $6245$aMoral absolutes :$btradition, revision and truth$9(OLS)http://pul/title/12923 996 $6260$aWashington, D.C. :$bThe Catholic University of America Press$9(OLS)http://pul/publisher/48680 LEADER 01034nam a2200277 u 4500 001 000000012549 003 CaOOAMICUS 005 20070226105540.0 008 940517s1933 fr u000 u lat u 035 $a10302879 040 $aPUL(R)$bita 100 1 $aGaltier, Paul,$cS.I.$0(OLS)http://pul/name/7966 245 10$aDe SS. Trinitate in se et in nobis /$cauctore Paulo Galtier. 260 $aParisiis :$bapud Gabrielem Beauchesne et filios,$c1933. 300 $avii, 347 p. ;$c23 cm 500 $aComprende indici. 504 $aBibliografia in nota. 650 4$aTrinità.$0(OLS)http://pul/subject/2463 850 $aPUL 852 $aPUL$W1$xDP1 Fondo Cecchetti$y53$m260 A 16$j17726$nBK-PRI$b $qFondi$B17726$CPULBib$Z2$F17726 $81 941 1 $a8 941 1 $a1 960 $aTeologia trinitaria$92463 960 $aTeologia trinitaria$92463 996 $6245$aDe SS. Trinitate in se et in nobis$9(OLS)http://pul/title/18152 996 $6260$aParisiis :$bapud Gabrielem Beauchesne et filios$9(OLS)http://pul/publisher/53679